000 00586nam a2200217Ii 4500
003 JO-AjNU
008 230606s9999||||xx |||||||||||||| ||und||
020 _a0-571-08483-4 , 0-571-06366-7
040 _aJO-AjNU
_beng
_erda
_cJO-AjNU
041 _aeng
050 1 4 _aPJ7692 1954
100 3 _aGOLDING,WILLIAM,
_eauthor
_92746
245 0 0 _aLORD OF THE FLIES
250 _a1 ed
264 3 1 _aLondon,FABER AND FABER LTD
300 _a223P
336 _atext
_btxt
_2rdacontent
337 _aunmediated
_bn
_2rdamedia
338 _avolume
_bnc
_2rdacarrier
650 4 _aSTORYS
_92747
999 _aE1437
_c1437
_d1437